| 000 | 02022nam a2200541 i 4500 | ||
|---|---|---|---|
| 001 | 2717 | ||
| 003 | gttocutb | ||
| 005 | 20260307112218.0 | ||
| 007 | ta | ||
| 008 | 260307b2013 gt |||||r|||| 001 0 spa d | ||
| 040 |
_agttocutb _bspa _cgttocutb _dgttocutb _erda |
||
| 082 | 0 | 4 | _a100 G165 |
| 100 | 1 |
_aGarcía Morente, Manuel, _eautor. |
|
| 245 | 1 | 0 |
_aLecciones preliminares de filosofía / _cautor Manuel García Morente. |
| 264 | 1 |
_aGuatemala : _bEditorial estudiantil Fenix _c2013. |
|
| 300 | 1 |
_a207 páginas : _c21 cm. |
|
| 336 |
_2rdacontenido _atexto _btxt |
||
| 337 |
_2rdamedio _asin mediación _bn |
||
| 338 |
_2rdasoporte _avolumen _bnc |
||
| 505 | 0 | 4 | _gContenido |
| 505 | 0 | 4 | _tEl conjunto de la filosofía -- |
| 505 | 0 | 4 | _tEl método de la filosofía -- |
| 505 | 0 | 4 | _tLa intuición como método de la filosofía -- |
| 505 | 0 | 4 | _tIngreso en la ontología -- |
| 505 | 0 | 4 | _tLa metafísica de parménides -- |
| 505 | 0 | 4 | _tEl realismo de las ideas de Platón -- |
| 505 | 0 | 4 | _tEl realismo aristotélico -- |
| 505 | 0 | 4 | _tOrigen del idealismo -- |
| 505 | 0 | 4 | _tEl sistema de descartes -- |
| 505 | 0 | 4 | _tFemenología del conocimiento . |
| 505 | 0 | 4 | _tEl racionalismo -- |
| 505 | 0 | 4 | _tLa metafísica del racionalismo -- |
| 505 | 0 | 4 | _tEl problema del idealismo trascendental -- |
| 505 | 0 | 4 | _tLa estética trascendental -- |
| 505 | 0 | 4 | _tAnálitica trascendental -- |
| 505 | 0 | 4 | _tDialéctica trascendental -- |
| 505 | 0 | 4 | _tFudamentos morales de la metafísica -- |
| 505 | 0 | 4 | _tEl idealismo después de Kant -- |
| 505 | 0 | 4 | _tEntrada en la ontología -- |
| 505 | 0 | 4 | _tDe lo real a lo ideal -- |
| 505 | 0 | 4 | _tOntología de los valores -- |
| 505 | 0 | 4 | _tOntología de la vida -- |
| 520 | _aLa filosofía y su vivencia, definiciones filosóficas y vivencias filosóficas, sentido de la voz filosofía, filosofía antigua, filosofía en la edad media. | ||
| 521 | _aRecomendado para público en general. | ||
| 650 | 1 | 4 |
_2LEMB _aConocimiento |
| 650 | 1 | 4 |
_2LEMB _aFilosofía |
| 942 |
_2ddc _cBK _n0 |
||
| 999 |
_c2717 _d2717 |
||